000 01011nac a22003257a 4500
001 BR2010004802
003 BR-BrBNA
005 20240105123849.0
008 230509b bl.|||m| |||| 00| 0 por d
040 _aBR-BrBNA
_bpor
_cBiblioteca Nacional de Agricultura
072 _aH10
090 _a4020 BR2010004802
100 1 _aBueno, A. de F.
100 1 _aBatistela, M.J.
100 1 _aMoscardi, F.
110 1 _aEMBRAPA Soja, Londrina, PR (Brasil)
245 1 _aNíveis de desfolha tolerados na cultura da soja sem a ocorrência de prejuízos à produtividade
260 3 _aLondrina, PR (Brasil):
_c2010.
300 _a12 p.
490 _aCircular Técnica - EMBRAPA Soja (Brazil)
_vno. 79
_xISSN 1516-7860
500 _a7 illus.; 24 ref.
650 _aDESFOLHA
650 _aSOJA
650 _aPRODUÇÃO VEGETAL
650 _aCONTROLE INTEGRADO
650 _aPRAGA DE PLANTA
650 _aCONTROLE CULTURAL
909 _a202312
_bLúcia Elande
_c55
_dLúcia Elande
942 _2AGRIS
_n0
_cMS
999 _c297315
_d297315